Bilecik Bilecik Bilecik Bilecik Bilecik

Bir eleştirmen olarak Ahmet Hamdi Tanpınar/ (Record no. 40814)

MARC details
000 -BAŞLIK
Sabit Uzunluktaki Kontrol Alanı 01174nam a22003857a 4500
001 - KONTROL NUMARASI
Control Dosyası 0040950
003 - KONTROL NUMARASI KİMLİĞİ
Kontrol Alanı KOHA_MİRAKIL
005 - EN SON İŞLEM TARİHİ ve ZAMANI
Kontrol Alanı 20260207003219.0
007 - FİZİKSEL TANIM SABİT ALAN - GENEL BİLGİ
Sabit uzunluklu kontrol alanı ta
008 - SABİT UZUNLUKTAKİ VERİ ÖGELERİ - GENEL BİLGİ
Sabit Alan 130730b2009 tu |||gr||||#0|||1|tur |
020 ## - ISBN - ULUSLARARASI STANDART KİTAP NUMARASI
Isbn 9789759951719
020 ## - ISBN - ULUSLARARASI STANDART KİTAP NUMARASI
Isbn
-- 9759951711
040 ## - KATALOGLAMA KAYNAĞI
Özgün Kataloglama Kurumu TR-BiSEU
Kataloglama Dili tur
Çeviri Kurumu TR-BiSEU
Açıklama Kuralları rda
041 0# - DİL KODU
Metin ya da ses kaydının dil kodu tur
044 ## - YAYINLAYAN/ÜRETEN KURULUŞUN ÜLKE KODU
ISO country code tu
050 ## - SINIFLAMA ve YER NUMARASI
Sınıflama Numarası PL248.T36
Yer Numarası Z64 2009
100 1# - KİŞİ ADI
Yazar Adı (Kişi adı) Erdoğan, Mehmet.
245 1# - ESER ADI BİLDİRİMİ
Başlık Bir eleştirmen olarak Ahmet Hamdi Tanpınar/
Sorumluluk Bildirimi Mehmet Erdoğan ; Mehmet Erdoğan.
250 ## - BASIM BİLDİRİMİ
Basım Bildirimi 1. baskı.
264 #1 - ÜRERİM, YAYIN, DAĞITIM ve TELİF BİLDİRİMİ
Yayın yeri İstanbul :
Yayınlayan Dergah Yayınları
Yayın tarihi 2009
300 ## - FİZİKSEL TANIMLAMA
Sayfa, Cilt vb. 103 sayfa ;
Boyutları 20 cm.
336 ## - İÇERİK TÜRÜ
Content type term metin
Content type code txt
Source rdacontent
337 ## - MEDYA TÜRÜ
Media type term aracısız
Media type code n
Source rdamedia
338 ## - TAŞIYICI TÜRÜ
Carrier type term cilt
Carrier type code nc
Source rdacarrier
490 1# - DİZİ BİLDİRİMİ
Dizi Bildirimi Dergâh Yayınları ;
Cilt Numarası 418.
490 1# - DİZİ BİLDİRİMİ
Dizi Bildirimi Türk edebiyatı-inceleme ;
Cilt Numarası 53
500 ## - GENEL NOT
Genel Not Dizin var.
500 ## - GENEL NOT
Genel Not Kaynakça var.
650 #0 - KONU BAŞLIĞI EK GİRİŞ - KONU TERİMİ
Konusal terim veya coğrafi ad Tanpınar, Ahmet Hamdi--Criticism and interpretation.
9 (RLIN) 75925
650 #0 - KONU BAŞLIĞI EK GİRİŞ - KONU TERİMİ
Konusal terim veya coğrafi ad Critics--Turkey.
9 (RLIN) 75926
830 1# - SERİ EK GİRİŞİ - TEKBİÇİM ESER ADI
Tekbiçim Başlık Dergâh Yayınları ;
Volume number/sequential designation 418.
9 (RLIN) 9381
830 1# - SERİ EK GİRİŞİ - TEKBİÇİM ESER ADI
Tekbiçim Başlık Türk edebiyatı-inceleme ;
Volume number/sequential designation 53
9 (RLIN) 75927
907 ## - LOCAL DATA ELEMENT G, LDG (RLIN)
a Roman
942 ## - EK GİRİŞ ÖGELERİ (KOHA)
Source of classification or shelving scheme Library of Congress Classification
Koha item type Book
Holdings
Materyal Türü Kalıcı Konum Mevcut Konum Raf Yeri Sınıflandırma Kaynağı Edinim Bilgisi Ana Konular Alt Konular Yer Numarası Demirbaş Numarası Fatura Tarihi Maliyet, Alış Fiyatı Maliyet, Yenileme Fiyatı Geri Çekilme Durumu Kayıp Durumu Hasarlı Durumu Kredi için değil Kayıt Tarih Toplam Ödünçverme Son Görülme Tarihi Son Kontrol Tarihi Satın Alma Notu
Book Prof. Dr. Azmi Özcan Kütüphanesi Prof. Dr. Azmi Özcan Kütüphanesi Birûni Salonu Library of Congress Classification Satın DİL VE EDEBİYAT Doğu Asya, Afrika, Okyanusya Dilleri ve Edebiyatları PL248.T36 Z64 2009 0040950 24/09/2013 4.51 4.51         30/07/2013 3 21/05/2025 21/05/2025 73291-73383 (92 sayfa)